000 00446nam a2200193Ia 4500
003 OSt
005 20221005132314.0
006 a|||||r|||| 00| 0
007 ta
008 221004b |||||||| |||| 00| 0 eng d
024 _a111810
037 _cTextual
040 _aCRL
_cCRL
_beng
041 _2eng
_aeng
245 0 _aThird report of the under sectary for power
260 _c1960
942 _cTEXL
_2cc
999 _c1063196
_d1063196